Central Library OPAC University of Rajshahi

মাতৃভাষার সপক্ষে রবীন্দ্রনাথ / (Record no. 44371)

MARC details
000 -LEADER
fixed length control field 00908nam a2200229 a 4500
001 - CONTROL NUMBER
control field 44371
003 - CONTROL NUMBER IDENTIFIER
rucl marc code BD-RjUL
005 - DATE AND TIME OF LATEST TRANSACTION
control field 20211209053838.0
008 - FIXED-LENGTH DATA ELEMENTS--GENERAL INFORMATION
fixed length control field 160717s1983 bg ||||| |||| 00| 0 ben d
020 ## - INTERNATIONAL STANDARD BOOK NUMBER
Terms of availability : Tk. 25.00
035 ## - SYSTEM CONTROL NUMBER
System control number (BD-RjUL)44489
040 ## - CATALOGING SOURCE
Original cataloging agency BD-RjUL
Language of cataloging ben
Transcribing agency BD-RjUL
041 ## - LANGUAGE CODE
Language code of text/sound track or separate title ben
082 ## - DEWEY DECIMAL CLASSIFICATION NUMBER
Edition number 23
Classification number 891.4414
Author mark and year RAM 1983
100 1# - MAIN ENTRY--PERSONAL NAME
Personal name রহমান,মুহাম্মদ হাবিবুর
9 (RLIN) 136180
245 10 - TITLE STATEMENT
Title মাতৃভাষার সপক্ষে রবীন্দ্রনাথ /
Statement of responsibility, etc. মুহাম্মদ হাবিবুর রহমান
260 ## - PUBLICATION, DISTRIBUTION, ETC. (IMPRINT)
Place of publication, distribution, etc. ঢাকা :
Name of publisher, distributor, etc. বাংলা একাডেমী ,
Date of publication, distribution, etc. ১৯৮৩
300 ## - PHYSICAL DESCRIPTION
Pagination ১৩৭ পৃ. ;
Size ২০ সেমি.
600 ## - SUBJECT ADDED ENTRY--PERSONAL NAME
Personal name ঠাকুর, রবীন্দ্রনাথ ১৮৬১-১৯৪১
Personal name Tagore, Rabindranath 1861-1941
942 ## - ADDED ENTRY ELEMENTS (KOHA)
Source of classification or shelving scheme Dewey Decimal Classification
Koha item type Books
Holdings
Lost status Source of classification or shelving scheme Damaged status Not for loan Collection code Permanent Location Current Location Shelving location Date acquired Source of acquisition Cost, normal purchase price Total Checkouts Full call number Date last seen Copy number Koha item type
  Dewey Decimal Classification     Non-fiction Central Library, University of Rajshahi Central Library, University of Rajshahi   26/06/1990 Bangla Academy, Dhaka 25.00   B 891.4414 RAM 1983 17/07/2016 C-3 Books
  Dewey Decimal Classification   Not For Loan Non-fiction Central Library, University of Rajshahi Central Library, University of Rajshahi Reading Room 09/06/2011 Bangla Academy, Dhaka 54.00   B 891.4414 RAM 1983 19/01/2017 C-1 Books
  Dewey Decimal Classification     Non-fiction Central Library, University of Rajshahi Central Library, University of Rajshahi   18/08/2009 Bangla Academy, Dhaka 54.00   B 891.4414 RAM 1983 03/05/2017 C-2 Books